Moderná učebnica nemčiny
Gespeichert in:
| 1. Verfasser: | |
|---|---|
| Körperschaft: | |
| Weitere Verfasser: | , |
| Format: | Buch |
| Sprache: | Slowakisch Deutsch |
| Veröffentlicht: |
Bratislava
Rektorát Vysokej školy ekonomickej v Bratislave
1973
|
| Schlagworte: | |
| Tags: |
Keine Tags, Fügen Sie das erste Tag hinzu!
|
MARC
| LEADER | 00000nam a2200000 4500 | ||
|---|---|---|---|
| 001 | c121309 | ||
| 005 | 20251104093932.7 | ||
| 041 | 0 | |a slo | |
| 041 | 0 | |a ger | |
| 044 | |a SK | ||
| 245 | 1 | 0 | |a Moderná učebnica nemčiny |c Věra Höppnerová a kolektív |
| 264 | 1 | |a Bratislava |b Rektorát Vysokej školy ekonomickej v Bratislave |c 1973 | |
| 300 | |a 333 s. | ||
| 610 | 2 | 0 | |a jazykoveda |
| 610 | 2 | 0 | |a nemčina |
| 100 | 1 | |a Höppnerová, Věra | |
| 700 | 1 | |a Vajcíková, Jarmila | |
| 700 | 1 | |a Hornáková, V. | |
| 710 | 2 | |a Vysoká škola ekonomická v Bratislave. Obchodná fakulta | |